La utopía de Jesús

Gespeichert in:
Bibliographische Detailangaben
1. Verfasser: Mateos Alvarez, Juan José (autor)
Format: Buch
Sprache:Spanisch
Veröffentlicht: Córdoba El Almendro 1992
Ausgabe:2a. ed
Schriftenreihe:En torno al Nuevo Testamento, 8
Schlagworte:
Tags: Tag hinzufügen
Keine Tags, Fügen Sie den ersten Tag hinzu!

MARC

LEADER 00000nam a2200000 a 4500
001 UCY0102
003 CL-VaPUC
008 940712e19920000SP |||||||||||||||||spa|d
020 |a 8486077826 
082 0 4 |a 232.908  |b MAT  |2 21 
100 |a Mateos Alvarez, Juan José  |e autor  |9 314392 
245 1 3 |a La utopía de Jesús 
250 |a 2a. ed 
300 |a 173 p 
942 |c BK 
945 |d 19940712 00:00:00  |a aalvarez 
260 |a Córdoba  |b El Almendro  |c 1992 
600 0 |a Jesús  |9 313614 
650 0 |a Historicidad   |9 327706 
583 |a last modification  |c 19940712 00:00:00  |k Rodrigo Vera 
490 0 |a En torno al Nuevo Testamento, 8 
999 |c 229187  |d 229185 
952 |0 0  |1 0  |4 0  |6 232_908000000000000_MAT_1992  |7 0  |8 A  |9 229964  |a BIBTEO  |b BIBTEO  |d 2019-11-15  |i 2991438  |o 232.908 MAT 1992  |p 2991438  |r 2025-01-17  |w 2019-11-15  |y BK  |k ICR